Sports Quiz

Random Sports or World Quiz
Score 0/50 Timer 10:00
0 Plays Today
Rank Player % Correct
1Novak Djokovic
100%
2Roger Federer
100%
3Andy Murray
100%
4Rafael Nadal
100%
8Jo-Wilfred Tsonga
100%
14John Isner
100%
5David Ferrer
97.8%
6Tomas Berdych
97.8%
7Juan Martin Del Potro
95.7%
17Stanislas Wawrinka
95.7%
36Marcos Baghdatis
95.7%
13Milos Raonic
93.5%
10Richard Gasquet
91.3%
19Kei Nishikori
91.3%
9Janko Tipsarevic
89.1%
12Juan Monaco
89.1%
16Gilles Simon
89.1%
21Tommy Haas
89.1%
11Nicolas Almagro
87%
15Marin Cilic
87%
18Alexandr Dolgopolov
87%
27Mardy Fish
87%
39Andy Roddick
87%
23Andreas Seppi
84.8%
37Kevin Anderson
84.8%
Rank Player % Correct
24Fenando Verdasco
82.6%
25Mikhail Youzhny
82.6%
29Jurgen Melzer
82.6%
22Sam Querrey
80.4%
45Fabio Fognini
80.4%
26Jerzy Janowicz
78.3%
38Victor Troicki
76.1%
41Jarkko Nieminen
76.1%
33Thomaz Bellucci
73.9%
40Feliciano Lopez
73.9%
43Denis Istomin
73.9%
44Nikolay Davydenko
73.9%
48Grigor Dimitrov
73.9%
20Philipp Kohlschreiber
71.7%
31Radek Stepanek
71.7%
35Julien Benneteau
67.4%
28Floran Mayer
60.9%
30Martin Klizan
58.7%
32Jeremy Chardy
58.7%
46David Goffin
58.7%
34Marcel Granollers
54.3%
49Marinko Matosevic
43.5%
42Pablo Andujar
41.3%
47Benoit Paire
39.1%
50Albert Ramos
32.6%
Remove Ads.
Support Sporcle.
Get the best of Sporcle when you Go Orange. This ad-free experience offers more features, more stats, and more fun while also helping to support Sporcle. Thank you for becoming a member.

You're not logged in!

Compare scores with friends on all Sporcle quizzes.
OR
Log In

Show Comments

Extras

Top Quizzes Today


Score Distribution

Your Account Isn't Verified!

In order to create a playlist on Sporcle, you need to verify the email address you used during registration. Go to your Sporcle Settings to finish the process.

Report this User

Report this user for behavior that violates our Community Guidelines.

Details: